|
|
|
|
| LEADER |
00000nam0a2200000 4500 |
| 001 |
275527 |
| 005 |
20231101234831.0 |
| 020 |
|
|
|a RU
|b 86-42278
|
| 035 |
|
|
|a (RuTPU)RU\TPU\book\298770
|
| 090 |
|
|
|a 275527
|
| 100 |
|
|
|a 20141114d1986 km y0rusy5003 ca
|
| 102 |
|
|
|a RU
|
| 105 |
|
|
|a a z 000zy
|
| 200 |
1 |
|
|a Цена войны: демографический аспект
|f Л. Е. Поляков
|
| 210 |
|
|
|a Москва
|c Финансы и статистика
|d 1985
|
| 215 |
|
|
|a 136 с.
|c граф.
|
| 606 |
1 |
|
|a Демография
|2 stltpush
|3 (RuTPU)RU\TPU\subj\9057
|9 36346
|
| 606 |
1 |
|
|a Войны
|x Международные отношения
|2 stltpush
|3 (RuTPU)RU\TPU\subj\71098
|9 85155
|
| 610 |
1 |
|
|a война
|
| 610 |
1 |
|
|a ядерная война
|
| 610 |
1 |
|
|a потери
|
| 610 |
1 |
|
|a последствия
|
| 610 |
1 |
|
|a демографические исследования
|
| 610 |
1 |
|
|a демографические потери
|
| 686 |
|
|
|a С7
|v LBC/SL-A
|2 rubbk
|
| 686 |
|
|
|a Ф4(0)30
|v LBC/SL-A
|2 rubbk
|
| 700 |
|
1 |
|a Поляков
|b Л. Е.
|g Лев Евгеньевич
|4 070
|
| 801 |
|
0 |
|a RU
|b RuMRKP
|c 19950704
|g psbo
|
| 801 |
|
1 |
|a RU
|b 63413507
|c 20141114
|
| 801 |
|
2 |
|a RU
|b 63413507
|c 20170126
|g RCR
|
| 942 |
|
|
|c BK
|